ISABELLE GARNIER-MATHEZ, L’Épithète et la Connivence. Écriture concertée chez les Évangéliques français (1523-1534). Genève, Droz, THR, n° CDIV, 2005. Un vol. de 407 p., (notice n° 1654635)

détails MARC
000 -LEADER
fixed length control field 01702cam a2200157 4500500
005 - DATE AND TIME OF LATEST TRANSACTION
control field 20260208005952.0
041 ## - LANGUAGE CODE
Language code of text/sound track or separate title fre
042 ## - AUTHENTICATION CODE
Authentication code dc
100 10 - MAIN ENTRY--PERSONAL NAME
Personal name Boudou, Bénédicte
Relator term author
245 00 - TITLE STATEMENT
Title ISABELLE GARNIER-MATHEZ, L’Épithète et la Connivence. Écriture concertée chez les Évangéliques français (1523-1534). Genève, Droz, THR, n° CDIV, 2005. Un vol. de 407 p.,
260 ## - PUBLICATION, DISTRIBUTION, ETC.
Date of publication, distribution, etc. 2009.<br/>
500 ## - GENERAL NOTE
General note 75
520 ## - SUMMARY, ETC.
Summary, etc. On a longtemps analysé le parcours de Céline comme un long glissement du roman versun pacte autobiographique sans cesse démenti, notamment dans la trilogie allemande ouvertepar D’un château l’autre en 1957. L’interprétation de ces données poétiques appelle pourcomplément que l’on prenne en compte le formidable renouveau du genre mémorial (les Mémoires de guerre du général de Gaulle en sont le symbole), parmi lesquels se trouvent lesécrits justificatifs d’anciens collaborateurs susceptibles de nommer Céline et de le dénigrer,tels Jean Hérold-Paquis dans Des Illusions... désillusions en 1948. Nous verrons qu’en prétendant sacrifier à son tour au genre des « Vies majuscules », Céline visait moins à rendreindécidable le statut narratif de sa contre-épopée allemande qu’à faire subir au genre mémorial une violence parodique à même de mettre à nu et d’ébranler les présupposés formels etidéologiques de cette tradition littéraire nationale vieille de plus de cinq siècles.
786 0# - DATA SOURCE ENTRY
Note Revue d'histoire littéraire de la France | 109 | 3 | 2009-09-01 | p. 725c-731c | 0035-2411
856 41 - ELECTRONIC LOCATION AND ACCESS
Uniform Resource Identifier <a href="https://shs.cairn.info/revue-d-histoire-litteraire-de-la-france-2009-3-page-725c?lang=fr&redirect-ssocas=7080">https://shs.cairn.info/revue-d-histoire-litteraire-de-la-france-2009-3-page-725c?lang=fr&redirect-ssocas=7080</a>

Pas d'exemplaire disponible.

PLUDOC

PLUDOC est la plateforme unique et centralisée de gestion des bibliothèques physiques et numériques de Guinée administré par le CEDUST. Elle est la plus grande base de données de ressources documentaires pour les Étudiants, Enseignants chercheurs et Chercheurs de Guinée.

Adresse

627 919 101/664 919 101

25 boulevard du commerce
Kaloum, Conakry, Guinée

Réseaux sociaux

Powered by Netsen Group @ 2025